000 00449nam a2200181Ia 4500
005 20240823043227.0
008 240823s9999||||xx |||||||||||||| ||und||
041 _aENGLISH
082 _A339.32 N3
100 _a"Beckerman,Wilfred"
245 3 _aAn Introduction to National Income Analysis
250 _a3rd
260 _c1993
_b"UBS,New Delhi"
500 _aYES
650 _aManagement
_bManagement Studies
942 _cBK
999 _c209733
_d209733